Stratégia prevencie kriminality v Slovenskej republike aktualizácia na roky 2003-2006 : schválená uznesením vlády SR č. 286 z 23. apríla 2003)

Bibliographic Details
Corporate Author: Slovensko. Ministerstvo vnútra . Rada vlády SR pre prevenciu kriminality. Sekretariát (Author)
Format: Book
Language:Slovak
PhysicalDescription:62 s. 21 cm
Published: Bratislava Ministerstvo vnútra SR 2003
Edition:1. vyd..
Subjects:

MARC

LEADER 00000cam a2200000 a 4500
001 vtls008292929
003 SK-MaSNL
005 20260426004839.0
008 050808s2003 xo f 000 0 slo
035 |a SVKPOKN104406 
040 |a SNK  |b slo  |c SNK  |e AACR2 
041 0 |a slo 
043 |a e-xo--- 
044 |a xo  |c SK 
072 7 |a 343.8  |x Väzenstvo  |2 konspekt 
080 |a 351.078:343.85  |2 2001 
080 |a 343.85  |2 2001 
080 |a (437.6)  |2 2001 
080 |a (048.8)  |2 2001 
110 1 |a Slovensko.  |b Ministerstvo vnútra .  |b Rada vlády SR pre prevenciu kriminality.  |b Sekretariát  |4 aut  |9 642198 
245 1 0 |a Stratégia prevencie kriminality v Slovenskej republike  |b aktualizácia na roky 2003-2006 : schválená uznesením vlády SR č. 286 z 23. apríla 2003) 
250 |a 1. vyd.. 
260 |a Bratislava  |b Ministerstvo vnútra SR  |c 2003 
300 |a 62 s.  |c 21 cm 
506 |a 1500 výt. 
650 0 7 |a trestná politika  |2 SNKPH  |9 79376 
650 0 7 |a prevencia kriminality  |2 SNKPH  |9 2696 
651 7 |a Slovensko  |2 SNKPH  |9 14231 
655 7 |a štúdie  |2 SNKPH  |9 57033 
958 |a OND 
999 |c 992115  |d 994045 
952 |a SNK  |b SNK  |y PREZ  |7 0  |p 17A0474929  |o snkSC 123743  |i snk2006/10372  |8 1  |0 0  |1 0  |4 0  |d 2006-05-24  |l 0  |r 2025-06-05 00:00:00  |w 2026-02-24 
952 |a SNK  |b SNK  |y VYP  |7 0  |p 17A0511402  |o snkSC 123743 D1  |i snk2006/10712  |8 0  |0 0  |1 0  |4 0  |d 2006-05-30  |l 0  |r 2026-02-24 11:52:58  |w 2026-02-24 
952 |t snkSTR 343.9(437.6)  |a SNKUST  |b SNKUST  |y PREZ  |7 0  |p 17A0511403  |o snkSC 123743 D2  |i snk2006/10713  |8 0  |0 0  |1 0  |4 0  |d 2006-05-30  |l 0  |r 2025-05-29 00:00:00  |w 2026-02-24